000 00949nam a2200229Ia 4500
008 250310t2003||||xx |||||||||||||| ||spa||
040 _aODONTO
_bspa
_cODONTO
_dODONTO
041 _aspa
084 _aT2013
100 _aRubio Martínez, Andrea Michelle
_911538
245 0 _aPrevalencia y caracterización clínica y microbiológica de la enfermedad periodontal en escolares de 6-12 años de la república de Guatemala 2001.
260 _aGuatemala :
_bUSAC,
_c2003
300 _a193 páginas :
_bil. ;
_c28 cm.
336 _atexto
_btxt
_2rdacontenido
337 _aSin mediación
_bn
_2rdamedio
338 _avolumen
_bnc
_2rdasoporte
502 _aTesis (Cirujano Dentista) -- Universidad de San Carlos de Guatemala, Facultad de Odontología
650 _aEnfermedades periodontales
_91079
650 _aProfilaxis dental
_9995
700 _aMilián Rojas, Edwin Ernesto
_easesor
_91474
942 _aBiblioteca Facultad de Odontología
_cTESIS
_kT2013
999 _c4584
_d4584